000
00240nam a2200097Ia 4500
008
190216s9999||||xx |||||||||||||| ||und||
100
_a
Null
245
0
_a
Hindi-Rahul Ssamkruthyayan
260
_b
Kerala Sasthra Sahithya Parishad
942
_c
BK
999
_c
18213
_d
18213